000 01392nam a2200337 a 4500
001 BRCA_8315
005 20190320210226.0
008 240614s1735----gw-ab##f##---#001-0#lat-#
041 _alat
044 _agw
050 4 _aG1070
_b.S3 1735
100 1 _aSeutteri, Matthaei
_d1678-1756
_920763
245 1 0 _aAtlas minor praecipua orbis terrarum imperia regna et provincias germaniae potissimum tabellis 66 exacte delineatis fiftens usui militiae ductum ae peregrinantium maxime accommodatus opera
_cMatthaei Seutteri.
260 _a[Alemania]
_c[173?]
300 _a1 v. (sin paginación)
_bil., 68 mapas a color,
_c22 cm.
500 _aFondo antiguo
500 _aSe encuentra en Caja Fuerte, 16-marzo-2016
500 _aR5
500 _aCon Ex-libris de: Franz Mayer y A. Bandini BVT
500 _aIncluye índice de mapas
500 _aEn portada: Atlas Novus de LXVI mapp: a Matth: Seutter ; s.c.m. George ; augvind. Ilustrada a color
500 _aMapa no. 14 se encuentra encuadernado al revés
500 _aNota de encuadernación: piel sobre cartón
506 0 _aFondo reservado: para su consulta es necesario credencial de usuario y carta de motivos
650 1 4 _aDescripción y viajes
_920608
650 1 4 _aCartografía
_9789
650 1 4 _aGeografía universal
_920609
650 1 4 _aAtlas
_vTrabajos anteriores a 1800
_920764
902 _aLAR
942 _2lcc
_cB
999 _c7983
_d7983